000 00394nam a22001337a 4500
003 SGT
082 _a617.601
_bT17B
100 _aSAROJ, BOKEN
245 _aTO ASSESS THE ORAL HEALTH STATUS AND TREATMENT NEEDS IN AUTOMOBILE INDUSTRIAL WORKERS OF GURUGRAM NCR
260 _aDELHI NCR
_bSGT UNIVERSITY GURUGRAM
_c2017
300 _a1-154
650 _aPUBLIC HEALTH DENTISTRY
942 _2ddc
_cTH
999 _c17171
_d17171